000 00773nam a2200205Ii 4500
003 JO-AjNU
008 230605s9999||||xx |||||||||||||| ||und||
040 _aJO-AjNU
_bara
_erda
_cJO-AjNU
041 _aara
050 1 4 _aPJ6161.S4 1988
100 3 _aتاليف الشياب، أحمد,
_eauthor
_97286
245 0 0 _aالأسلوب دراسة بلاغية تحليلية لأصول الأساليب الأدبية
250 _aط8
264 3 1 _aالقاهرة: مكتبة النهضة المصرية، 1988
300 _a206ص
336 _atext
_btxt
_2rdacontent
337 _aunmediated
_bn
_2rdamedia
338 _avolume
_bnc
_2rdacarrier
650 4 _aاللغة العربية-بلاغة-الاسلوب الادبي-الادب العربي-تاريخ ونقد
_97287
999 _aA203
_c3771
_d3771